<?xml version="1.0" encoding="UTF-8"?>
<record
    xmlns:xsi="http://www.w3.org/2001/XMLSchema-instance"
    xsi:schemaLocation="http://www.loc.gov/MARC21/slim http://www.loc.gov/standards/marcxml/schema/MARC21slim.xsd"
    xmlns="http://www.loc.gov/MARC21/slim">

  <leader>03043nam a2200445Ii 4500</leader>
  <controlfield tag="001">DIGANT0347</controlfield>
  <controlfield tag="003">NyNyDIG</controlfield>
  <controlfield tag="008">140704s2013    sp a    ob    001 0 spa d</controlfield>
  <controlfield tag="006">m     o  d        </controlfield>
  <controlfield tag="007">cr |||||||||||</controlfield>
  <datafield tag="020" ind1=" " ind2=" ">
    <subfield code="z">9788415260745</subfield>
  </datafield>
  <datafield tag="020" ind1=" " ind2=" ">
    <subfield code="z">8415260741</subfield>
  </datafield>
  <datafield tag="035" ind1=" " ind2=" ">
    <subfield code="a">(OCoLC)890679368</subfield>
  </datafield>
  <datafield tag="043" ind1=" " ind2=" ">
    <subfield code="a">e-sp---</subfield>
  </datafield>
  <datafield tag="040" ind1=" " ind2=" ">
    <subfield code="a">DGITA</subfield>
    <subfield code="b">eng</subfield>
    <subfield code="e">rda</subfield>
    <subfield code="e">pn</subfield>
    <subfield code="c">DGITA</subfield>
  </datafield>
  <datafield tag="050" ind1="1" ind2="4">
    <subfield code="a">NA9224.V3 eBook</subfield>
  </datafield>
  <datafield tag="245" ind1="0" ind2="3">
    <subfield code="a">La ciudad pervertida :</subfield>
    <subfield code="b">una mirada sobre la Valencia global /</subfield>
    <subfield code="c">Josepa Cuc&#xF3; i Giner (dir.) ; Josep Cuc&#xF3; i Giner... [and 8 others].</subfield>
  </datafield>
  <datafield tag="250" ind1=" " ind2=" ">
    <subfield code="a">Primera edici&#xF3;n.</subfield>
  </datafield>
  <datafield tag="264" ind1=" " ind2="1">
    <subfield code="a">Barcelona :</subfield>
    <subfield code="b">Anthropos Editorial,</subfield>
    <subfield code="c">2013.</subfield>
  </datafield>
  <datafield tag="300" ind1=" " ind2=" ">
    <subfield code="a">1 online resource (253 pages) :</subfield>
    <subfield code="b">illustrations.</subfield>
  </datafield>
  <datafield tag="336" ind1=" " ind2=" ">
    <subfield code="a">text</subfield>
    <subfield code="b">txt</subfield>
    <subfield code="2">rdacontent</subfield>
  </datafield>
  <datafield tag="337" ind1=" " ind2=" ">
    <subfield code="a">computer</subfield>
    <subfield code="b">c</subfield>
    <subfield code="2">rdamedia</subfield>
  </datafield>
  <datafield tag="338" ind1=" " ind2=" ">
    <subfield code="a">online resource</subfield>
    <subfield code="b">cr</subfield>
    <subfield code="2">rdacarrier</subfield>
  </datafield>
  <datafield tag="490" ind1="1" ind2=" ">
    <subfield code="a">Cuadernos A. Temas de innovaci&#xF3;n social ;</subfield>
    <subfield code="v">44</subfield>
  </datafield>
  <datafield tag="504" ind1=" " ind2=" ">
    <subfield code="a">Includes bibliographical references (pages 233-244).</subfield>
  </datafield>
  <datafield tag="505" ind1="0" ind2=" ">
    <subfield code="a">La ciudad pervertida : explorando la f&#xF3;rmula de renovaci&#xF3;n urbana de la Valencia glocalizada / Josepa Cuc&#xF3; i Giner -- El impacto de la Valencia glocalizada en el Centro Hist&#xF3;rico popular / Gil-Manuel Hern&#xE0;ndez i Mart&#xED;, Francisco Torres P&#xE9;rez -- A la sombra de la Ciudad de las Artes y las Ciencias: gentrificaci&#xF3;n en Penya-roja / Josepa Cuc&#xF3; Giner, Teresa Yeves Bou -- Disoluci&#xF3;n del lugar y espacios del miedoen el Cabanyal / Miquel &#xC0;. Ruiz Torres, Pedro Garc&#xED;a Pil&#xE1;n -- El ensue&#xF1;o de Valencia y sus im&#xE1;genes / Beatriz Santamarina Campos, Albert Moncus&#xED; Ferr&#xE9; -- La Valencia bipolar y trepidante : discursos y representaciones sobre la transformaci&#xF3;n urbana / Miquel &#xC0;ngel Ruiz Torres ; Beatriz Santamarina Campos -- 7. El r&#xED;o que nos lleva. El Jard&#xED;n del Turiacomo met&#xE1;fora de la ciudad / Albert Moncus&#xED; Ferr&#xE9;, Gil-Manuel Hern&#xE1;ndez i Mart&#xED; -- La ciudad ocultada : desigualdad y precarizaci&#xF3;n en la Valencia global / Francisco Torres P&#xE9;rez, Pedro Garc&#xED;a Pil&#xE1;n -- La ciudad fragmentada : an&#xE1;lisis comparativode cuatro barrios emblem&#xE1;ticos / Francisco Torres P&#xE9;rez, Pedro Garc&#xED;a Pil&#xE1;n -- &#xC9;xitos y perversiones en las f&#xF3;rmulas neoliberales : los contrastes entre Barcelona, Bilbao y Valencia / Josepa Cuc&#xF3; i Gine.</subfield>
  </datafield>
  <datafield tag="588" ind1="0" ind2=" ">
    <subfield code="a">Online resource; title from ePub and PDF title page (Digitalia, viewed July 15, 2014)</subfield>
  </datafield>
  <datafield tag="650" ind1=" " ind2="0">
    <subfield code="a">City planning</subfield>
    <subfield code="x">Social aspects</subfield>
    <subfield code="z">Spain</subfield>
    <subfield code="z">Valencia.</subfield>
  </datafield>
  <datafield tag="650" ind1=" " ind2="0">
    <subfield code="a">Cities and towns</subfield>
    <subfield code="z">Spain</subfield>
    <subfield code="z">Valencia.</subfield>
  </datafield>
  <datafield tag="650" ind1=" " ind2="0">
    <subfield code="a">Imprisonment</subfield>
    <subfield code="z">Spain</subfield>
    <subfield code="x">History</subfield>
    <subfield code="y">20th century.</subfield>
  </datafield>
  <datafield tag="655" ind1=" " ind2="0">
    <subfield code="a">Electronic books.</subfield>
  </datafield>
  <datafield tag="700" ind1="1" ind2=" ">
    <subfield code="a">Cuc&#xF3; i Giner, Mar&#xED;a Josepa,</subfield>
    <subfield code="e">author of compilation,</subfield>
    <subfield code="e">author.</subfield>
  </datafield>
  <datafield tag="791" ind1="2" ind2=" ">
    <subfield code="a">Digitalia (Firm),</subfield>
    <subfield code="e">distributor.</subfield>
  </datafield>
  <datafield tag="793" ind1="0" ind2=" ">
    <subfield code="g">Digitalia eBook Collection:</subfield>
    <subfield code="a">Anthropos.</subfield>
  </datafield>
  <datafield tag="776" ind1="0" ind2="8">
    <subfield code="i">Print version:</subfield>
    <subfield code="t">Ciudad pervertida.</subfield>
    <subfield code="d">Barcelona : Anthropos,</subfield>
    <subfield code="c">2013</subfield>
    <subfield code="z">9788415260745</subfield>
    <subfield code="w">(OCoLC)869206205</subfield>
  </datafield>
  <datafield tag="830" ind1=" " ind2="0">
    <subfield code="a">aCuadernos A.</subfield>
    <subfield code="p">Temas de innovaci&#xF3;n social ;</subfield>
    <subfield code="v">44.</subfield>
  </datafield>
  <datafield tag="856" ind1="4" ind2="0">
    <subfield code="3">Digitalia Hisp&#xE1;nica</subfield>
    <subfield code="u">https://www.digitaliapublishing.com/a/25656/</subfield>
  </datafield>
  <datafield tag="910" ind1=" " ind2=" ">
    <subfield code="a">Premium Collection: 2013</subfield>
  </datafield>
  <datafield tag="942" ind1=" " ind2=" ">
    <subfield code="c">RAA</subfield>
  </datafield>
  <datafield tag="952" ind1=" " ind2=" ">
    <subfield code="0">0</subfield>
    <subfield code="1">0</subfield>
    <subfield code="4">0</subfield>
    <subfield code="7">0</subfield>
    <subfield code="8">DEH</subfield>
    <subfield code="a">BD-UIN</subfield>
    <subfield code="b">BD-UIN</subfield>
    <subfield code="d">2025-04-25</subfield>
    <subfield code="l">0</subfield>
    <subfield code="r">2025-04-25</subfield>
    <subfield code="w">2025-04-25</subfield>
    <subfield code="y">RAA</subfield>
  </datafield>
  <datafield tag="999" ind1=" " ind2=" ">
    <subfield code="c">238671</subfield>
    <subfield code="d">238671</subfield>
  </datafield>
</record>
